00547nam a2200181Ia 450000500170000000800410001708200130005810000170007124500750008825000090016326000330017230000170020565000130022265000120023594200060024795200970025399900150035020240606070155.0240331s9999 xx 000 0 und d bVAMa323 aVamadevan, M 0aSri Lankan repatriates in Tamil Nadu :brehabilitation and Integration a1 st aMadrasbZen Publishersc1989 aix, 196 p ., aEconomic aHistory cL 001040708LaWERCLbWERCLcSSCd2024-03-31l0o 323.6 VAMp1297r2024-03-31w2024-03-31yL c2523d2523